|
|
|
|
| LEADER |
00000nam0a2200000 4500 |
| 001 |
354234 |
| 005 |
20231102010654.0 |
| 035 |
|
|
|a (RuTPU)RU\TPU\retro\11492
|
| 090 |
|
|
|a 354234
|
| 100 |
|
|
|a 20200617d1972 m y0rusy50 ca
|
| 101 |
0 |
|
|a rus
|
| 102 |
|
|
|a RU
|
| 105 |
|
|
|a y j 001zy
|
| 200 |
1 |
|
|a Руководство к практикуму по химии воды
|f Е. М. Якимец, Н. П. Кусакина, В. А. Радько и др.
|g Уральский политехнический институт им. С. М. Кирова
|
| 210 |
|
|
|a Свердловск
|c Изд-во УПИ
|d 1972
|
| 215 |
|
|
|a 64 с.
|
| 320 |
|
|
|a Библиогр.: с. 64
|
| 606 |
1 |
|
|a Вода
|x Химический анализ
|2 stltpush
|3 (RuTPU)RU\TPU\subj\2699
|9 31232
|
| 610 |
1 |
|
|a растворы
|
| 610 |
1 |
|
|a концентрация
|
| 610 |
1 |
|
|a растворимость
|
| 610 |
1 |
|
|a ионное произведение
|
| 610 |
1 |
|
|a соли
|
| 610 |
1 |
|
|a гидролиз
|
| 610 |
1 |
|
|a жесткость
|
| 610 |
1 |
|
|a коллоидальные примеси
|
| 610 |
1 |
|
|a коагулирование
|
| 610 |
1 |
|
|a щелочность
|
| 610 |
1 |
|
|a химическое обессоливание
|
| 610 |
1 |
|
|a окисляемость
|
| 610 |
1 |
|
|a цветность
|
| 610 |
1 |
|
|a хлор
|
| 610 |
1 |
|
|a упражнения
|
| 610 |
1 |
|
|a задачи
|
| 610 |
1 |
|
|a типовые решения
|
| 610 |
1 |
|
|a самостоятельные решения
|
| 610 |
1 |
|
|a лабораторные работы
|
| 610 |
1 |
|
|a практикумы
|
| 610 |
1 |
|
|a учебные пособия
|
| 675 |
|
|
|a 543.3(076.5)
|v 4
|
| 701 |
|
1 |
|a Якимец
|b Е. М.
|g Екатерина Михайловна
|
| 701 |
|
1 |
|a Кусакина
|b Н. П.
|g Наталья Петровна
|
| 701 |
|
1 |
|a Радько
|b В. А.
|g Вера Антоновна
|
| 701 |
|
1 |
|a Кузьменко
|b Н. И.
|g Надежда Ивановна
|
| 701 |
|
1 |
|a Попова
|b Д. И.
|g Дина Игоревна
|
| 712 |
0 |
2 |
|a Уральский политехнический институт им. С. М. Кирова
|c (Свердловск)
|c (1948-1992)
|2 stltpush
|3 (RuTPU)RU\TPU\col\1982
|9 23638
|
| 801 |
|
1 |
|a RU
|b 63413507
|c 20200617
|
| 801 |
|
2 |
|a RU
|b 63413507
|c 20210119
|g RCR
|
| 942 |
|
|
|c BK
|